| 000 | 00498nam a2200169Ia 4500 | ||
|---|---|---|---|
| 008 | 220216s9999 xx 000 0 und d | ||
| 100 |
_aCannell Martin _cet al |
||
| 245 | 0 | _aChromosomal assignment of genes in barley using telosomic wheat-barley addition lines | |
| 260 |
_bGenome _c1992 |
||
| 300 | _a17-23 | ||
| 650 | _acDNA clones | ||
| 650 | _aGene mapping | ||
| 650 | _aRestriction fragment length polymorphisms | ||
| 650 | _aTelosomic additions | ||
| 650 | _aWheat-barley | ||
| 942 | _cJS | ||
| 999 |
_c55596 _d55596 |
||